000 01498nam a2200313 i 4500
003 EG-GICUC
005 20260303111721.0
008 260303s2003 ua ||||fr|||| 000 0 ara d
040 _a EG-GICUC
_bara
_c EG-GICUC
_d EG-GICUC
_erda
041 0 _aara
082 0 4 _221
_a341,77
_bم ر . ا
092 0 4 _221
099 _aLaw1 11 2003 341,77 م ر . ا
110 2 _aمركز نورمبرج لحقوق الإنسان (NMRZ) ،
_eمؤلف.
245 1 2 _aالطريق الى المحكمة الجنائية الدولية /
_cتأليف مركز نورمبرج لحقوق الإنسان. .
264 1 _aالقاهرة :
_bفريدريش إيبرت ،
_c٢٠٠٣ .
300 _a38 ؛ صفحة
_c28 سم
336 _2rda content
_atext
337 _2rda media
_aComputer
338 _2rda carrier
_aOnline Resource
500 _aهذا الكتيب يصاحب المعرض المتجول المسمى من نورمبرج إلى لاهاي - المحكمة الجنائية الدولية الذي صممه مركز نورمبرج لحقوق الإنسان والذي يقام فى دول مختلفة بواسطة معهد جوته نيابة عن وزارة الخارجية الألمانية .
546 _aالنص باللغة العربية
650 1 4 _aالقانون الدولي
_2qrmak
650 1 4 _aالقانون الجنائي الدولي
651 1 _2qrmak
856 4 0 _uhttps://fll.law.cu.edu.eg/fulltext/bks/B11-06339.pdf
905 _a76
942 _2ddc
_cBK
_e21
_n0
999 _c64713
_d64713